[Event "Melbourne op"]
[Site "Melbourne"]
[Date "2012.11.05"]
[Round "6"]
[White "Solomon, Stephen J"]
[Black "Rujevic, Mirko"]
[Result "1-0"]
[WhiteElo "2402"]
[BlackElo "2253"]
[PlyCount "81"]
[EventDate "2012.11.02"]
[EventType "swiss"]
[EventRounds "9"]
[EventCountry "AUS"]
[SourceTitle "EXT 2013"]
[Source "ChessBase"]
[SourceDate "2012.11.22"]
[SourceVersion "1"]
[SourceVersionDate "2012.11.22"]
[SourceQuality "1"]

1. d4 Nf6 2. c4 g6 3. Nc3 Bg7 4. e4 d6 5. Be2 0-0 6. Nf3 c6 7. 0-0 Qc7 8. h3 Nbd7 9. Be3 Re8 10. Qc2 e5 11. d5 c5 12. a3 a6 13. Nd2 h6 14. b4 b6 15. Rab1 Nf8 16. bxc5 bxc5 17. Na4 N6d7 18. Nb3 f5 19. f3 Nf6 20. Nbxc5 dxc5 21. Nxc5 Nh5 22. Na4 Nf4 23. c5 Nxe2+ 24. Qxe2 a5 25. Rb6 f4 26. Bf2 Nd7 27. Rc6 Qd8 28. Rb1 Qg5 29. Kh2 Bf8 30. Qc2 Rb8 31. Nb6 Nxb6 32. Rbxb6 Rxb6 33. Rxb6 Kh7 34. a4 Qd8 35. Qc3 h5 36. Qxa5 g5 37. Qa7+ Re7 38. Qb8 Qc7 39. d6 Qxb8 40. Rxb8 Re8 41. a5 1-0

[Event "Melbourne CC op"]
[Site "Melbourne"]
[Date "2012.10.15"]
[Round "6"]
[White "Dizdarevic, Mehmedalija"]
[Black "Rujevic, Mirko"]
[Result "1-0"]
[WhiteElo "1989"]
[BlackElo "2253"]
[PlyCount "79"]
[EventDate "2012.09.10"]
[EventType "swiss"]
[EventRounds "9"]
[EventCountry "AUS"]
[SourceTitle "EXT 2013"]
[Source "ChessBase"]
[SourceDate "2012.11.22"]
[SourceVersion "1"]
[SourceVersionDate "2012.11.22"]
[SourceQuality "1"]

1. e4 e5 2. d4 exd4 3. Qxd4 Nc6 4. Qe3 d6 5. Bd2 Nf6 6. Nc3 g6 7. 0-0-0 Bg7 8. h3 Qe7 9. g4 h6 10. Nge2 Bd7 11. Ng3 0-0-0 12. Bb5 Kb8 13. Rhe1 a6 14. Bf1 Be6 15. f4 Rhe8 16. Qf2 Qf8 17. Bg2 Bd7 18. Be3 Qh8 19. a3 Ng8 20. Rd3 Na5 21. Nge2 Nc4 22. Ba7+ Ka8 23. e5 c5 24. exd6 Bd4 25. Nxd4 Rxe1+ 26. Qxe1 Kxa7 27. Qe4 Na5 28. Nb3 Bc6 29. Qe2 Nxb3+ 30. cxb3 Bxg2 31. Qxg2 Nf6 32. Qf2 Nd7 33. b4 b6 34. Na4 cxb4 35. axb4 Rc8+ 36. Nc3 Qf6 37. Qe3 Kb7 38. Kb1 Rc4 39. Qe7 Kc6 40. Qe8 1-0

[Event "Melbourne CC op"]
[Site "Melbourne"]
[Date "2012.10.01"]
[Round "4"]
[White "Stojic, Dusan"]
[Black "Rujevic, Mirko"]
[Result "1-0"]
[WhiteElo "2263"]
[BlackElo "2253"]
[PlyCount "80"]
[EventDate "2012.09.10"]
[EventType "swiss"]
[EventRounds "9"]
[EventCountry "AUS"]
[SourceTitle "EXT 2013"]
[Source "ChessBase"]
[SourceDate "2012.11.22"]
[SourceVersion "1"]
[SourceVersionDate "2012.11.22"]
[SourceQuality "1"]

1. e4 e5 2. Nf3 Nc6 3. Bb5 a6 4. Ba4 Nf6 5. 0-0 Be7 6. Bxc6 dxc6 7. d3 Nd7 8. Nbd2 0-0 9. Nc4 f6 10. Nh4 Nc5 11. Nf5 Kh8 12. Qf3 Ne6 13. c3 a5 14. Rd1 b5 15. Nce3 Bc5 16. Nc2 Bb6 17. d4 Qe8 18. dxe5 g6 19. Bh6 gxf5 20. Bxf8 Ng5 21. Qf4 Qxf8 22. exf5 Bb7 23. e6 Qg7 24. Kf1 c5 25. Ne3 Ne4 26. Rd7 Qg5 27. Qxg5 fxg5 28. Rad1 Bc6 29. Rd8+ Rxd8 30. Rxd8+ Kg7 31. Ng4 Nf6 32. Ne5 Be8 33. Nd7 Bxd7 34. exd7 c6 35. Re8 Nxd7 36. Re7+ Kf6 37. Rxd7 Kxf5 38. Rd6 Ba7 39. Rxc6 a4 40. Rc7 Bb8 1-0

[Event "Melbourne CC op"]
[Site "Melbourne"]
[Date "2012.09.10"]
[Round "1"]
[White "Rujevic, Mirko"]
[Black "Wyss, Felix"]
[Result "1-0"]
[WhiteElo "2253"]
[BlackElo "1821"]
[PlyCount "57"]
[EventDate "2012.09.10"]
[EventType "swiss"]
[EventRounds "9"]
[EventCountry "AUS"]
[SourceTitle "EXT 2013"]
[Source "ChessBase"]
[SourceDate "2012.11.22"]
[SourceVersion "1"]
[SourceVersionDate "2012.11.22"]
[SourceQuality "1"]

1. e4 c5 2. Nf3 d6 3. d4 cxd4 4. Nxd4 Nf6 5. Nc3 g6 6. Bc4 a6 7. Bb3 b5 8. f3 Bb7 9. Be3 Nbd7 10. Qd2 h5 11. 0-0-0 Bg7 12. Rhe1 Rc8 13. Kb1 Ne5 14. f4 Nc4 15. Bxc4 Rxc4 16. e5 dxe5 17. fxe5 Ng4 18. Bf4 b4 19. Na4 a5 20. h3 Nh6 21. b3 Rc8 22. Qe3 Bd5 23. e6 f5 24. Qg3 Kf8 25. Qxg6 Qe8 26. Qg3 Be4 27. Be5 Rg8 28. Nb6 Bxc2+ 29. Nxc2 1-0

[Event "Melbourne Cup"]
[Site "Melbourne"]
[Date "2011.11.01"]
[Round "8"]
[White "Cheng, Bobby Sky"]
[Black "Rujevic, Mirko"]
[Result "1-0"]
[WhiteElo "2346"]
[BlackElo "2308"]
[PlyCount "115"]
[EventDate "2011.10.28"]
[EventType "swiss"]
[EventRounds "9"]
[EventCountry "AUS"]
[SourceTitle "EXT 2012"]
[Source "ChessBase"]
[SourceDate "2011.11.24"]
[SourceVersion "1"]
[SourceVersionDate "2011.11.24"]
[SourceQuality "1"]

1. d4 Nf6 2. c4 g6 3. g3 c6 4. Bg2 d5 5. Nf3 Bg7 6. 0-0 0-0 7. b3 Bf5 8. Bb2 Qc8 9. Re1 Na6 10. Nc3 Bh3 11. Bh1 Qf5 12. Qd2 Rfd8 13. Rac1 dxc4 14. bxc4 e5 15. d5 cxd5 16. cxd5 Nc5 17. Qe3 Nfd7 18. Nb5 b6 19. d6 Qh5 20. Qg5 Qg4 21. Qxg4 Bxg4 22. Nd2 Bh6 23. Rcd1 Na4 24. Ba1 Rac8 25. Nxa7 Rc2 26. Nf3 Nb2 27. Rb1 Nc4 28. Nc6 Re8 29. Nb4 Na3 30. Nxc2 Nxc2 31. Red1 Nxa1 32. Rxa1 Rc8 33. Kf1 Rc2 34. a4 Rc5 35. Ra2 Be6 36. Rb2 Rc4 37. Rb5 e4 38. Nd4 Bh3+ 39. Bg2 Bxg2+ 40. Kxg2 Rxa4 41. Nc6 f5 42. Ne5 Ra7 43. Nxd7 Rxd7 44. Rxb6 Bf8 45. f3 exf3+ 46. exf3 Kf7 47. g4 fxg4 48. fxg4 Ke6 49. Re1+ Kd5 50. Kh3 Bxd6 51. Rd1+ Ke5 52. Rb2 h6 53. Re2+ Kf6 54. Rf1+ Kg5 55. Rd2 h5 56. Rd5+ Kh6 57. g5+ Kg7 58. Rfd1 1-0

[Event "Melbourne Cup"]
[Site "Melbourne"]
[Date "2011.10.30"]
[Round "4"]
[White "Rujevic, Mirko"]
[Black "Xie, George Wendi"]
[Result "0-1"]
[WhiteElo "2308"]
[BlackElo "2440"]
[PlyCount "40"]
[EventDate "2011.10.28"]
[EventType "swiss"]
[EventRounds "9"]
[EventCountry "AUS"]
[SourceTitle "EXT 2012"]
[Source "ChessBase"]
[SourceDate "2011.11.24"]
[SourceVersion "1"]
[SourceVersionDate "2011.11.24"]
[SourceQuality "1"]

1. e4 c5 2. Nf3 Nc6 3. d4 cxd4 4. Nxd4 Nf6 5. Nc3 e5 6. Ndb5 d6 7. Bg5 a6 8. Na3 b5 9. Nd5 Be7 10. Nxe7 Nxe7 11. Bxf6 gxf6 12. c3 Bb7 13. Bd3 d5 14. Qe2 Rg8 15. f3 d4 16. cxd4 Qxd4 17. Rd1 0-0-0 18. Qf2 Qb4+ 19. Qd2 Nc6 20. g3 Rxd3 0-1

[Event "Australian Masters"]
[Site "Canterbury"]
[Date "2010.12.11"]
[Round "8"]
[White "Smirnov, Vladimir"]
[Black "Rujevic, Mirko"]
[Result "0-1"]
[WhiteElo "2379"]
[BlackElo "2296"]
[PlyCount "88"]
[EventDate "2010.12.04"]
[EventType "tourn"]
[EventRounds "9"]
[EventCountry "AUS"]
[EventCategory "3"]
[SourceTitle "CBM 139 Extra"]
[Source "ChessBase"]
[SourceDate "2011.01.05"]
[SourceVersion "1"]
[SourceVersionDate "2011.01.05"]
[SourceQuality "1"]

1. d4 Nf6 2. c4 g6 3. Nc3 Bg7 4. e4 d6 5. Be2 Nbd7 6. Bg5 e5 7. d5 h6 8. Be3 Nc5 9. f3 Nh5 10. Qd2 Nf4 11. Bf1 g5 12. g3 Ng6 13. 0-0-0 f5 14. Bh3 f4 15. Bxc5 Bxh3 16. Bxd6 cxd6 17. Nxh3 Qc8 18. Nf2 Qxc4 19. Nd3 0-0 20. Qe2 b5 21. Ne1 Rac8 22. Qxc4 Rxc4 23. Kd2 a6 24. g4 Rfc8 25. Ne2 Bf6 26. Rc1 Bd8 27. Rxc4 Rxc4 28. Ng2 Ba5+ 29. Kd3 Nf8 30. h4 Nd7 31. Nc3 Nc5+ 32. Ke2 b4 33. hxg5 bxc3 34. bxc3 hxg5 35. Rh6 Rxc3 36. Rxd6 Kf7 37. Rc6 Nxe4 38. Rxa6 Ng3+ 39. Kd2 Ra3+ 40. Kd1 Rxa2 41. Ra7+ Ke8 42. d6 Rd2+ 43. Kc1 Bc3 44. Ne1 Ne2+ 0-1